K historii a současnosti družstevního hnutí

História vzniku a definícia družstiev a družstevných princípov. Zásady družstiev. Medzinárodný družstevný zväz. Nová definícia družstva a medzinárodné družstevné princípy. Vznik a počiatočný rozvoj družstevníctva. Významné teoretické osobnosti v medzinárodnom družstevnom hnutí. Budúcnosť družstevníc...

ver descrição completa

Na minha lista:
Detalhes bibliográficos
Autor principal: Němcová, Ludmila
Formato: Capítulo de Livro
Idioma:tcheco
Assuntos:
Tags: Adicionar Tag
Sem tags, seja o primeiro a adicionar uma tag!

MARC

LEADER 00000naa a2200000 4500
001 r046300
005 20231002130317.5
041 0 |a cze 
044 |a CZ 
245 1 0 |a K historii a současnosti družstevního hnutí  |c Ludmila Němcová 
520 |a História vzniku a definícia družstiev a družstevných princípov. Zásady družstiev. Medzinárodný družstevný zväz. Nová definícia družstva a medzinárodné družstevné princípy. Vznik a počiatočný rozvoj družstevníctva. Významné teoretické osobnosti v medzinárodnom družstevnom hnutí. Budúcnosť družstevníctva. 
610 2 0 |a družstevníctvo 
610 2 0 |a družstvá 
610 2 0 |a história 
610 2 0 |a cechy 
610 2 0 |a družstvá výrobné 
610 2 0 |a družstvá živnostenské 
610 2 0 |a družstvá spotrebné 
610 2 0 |a socializmus 
100 1 |a Němcová, Ludmila